Phê bình và tranh luận văn học

Tuyển chọn bài viết nghiên cứu văn học, một vài vấn đề văn học cấp bách. Vài suy nghĩ về những vấn đề văn học. Nội dung phản ánh của văn học. Các bài viết phê bình giới thiệu tác giả, tác phẩm: Nguyễn Trãi, Nguyễn Du, Hồ Chí Minh, Chế Lan Viên, Xuân Diệu, Tố Hữu, Nguyễn Tuân...

Cur síos iomlán

Đã lưu trong:
Sonraí Bibleagrafaíochta
Príomhúdar: Mai Quốc Liên
Formáid: Leabhar
Teanga:Vietnamese
Foilsithe: H. Nxb. Văn học 1998
Clibeanna: Cuir Clib Leis
Gan Chlibeanna, Bí ar an gcéad duine leis an taifead seo a chlibeáil!
Thư viện lưu trữ: Mạng thư viện Đại học Đà Nẵng
LEADER 01266nam a2200289 4500
001 000014501
003 10868
005 20120504160550.0
008 120504s1998 viesd
020 |c 28000 
041 0 |a vie 
082 |a 895.92209  |b MA-L 
100 0 |a Mai Quốc Liên 
245 0 |a Phê bình và tranh luận văn học  |c Mai Quốc Liên 
260 |a H.  |b Nxb. Văn học  |c 1998 
300 |a 152 tr.  |c 21cm 
520 |a Tuyển chọn bài viết nghiên cứu văn học, một vài vấn đề văn học cấp bách. Vài suy nghĩ về những vấn đề văn học. Nội dung phản ánh của văn học. Các bài viết phê bình giới thiệu tác giả, tác phẩm: Nguyễn Trãi, Nguyễn Du, Hồ Chí Minh, Chế Lan Viên, Xuân Diệu, Tố Hữu, Nguyễn Tuân 
OWN |a LSP 
AVA |a UDN50  |b LSP  |d 895.92209 MA-L  |e available  |t Error 5001 Not defined in file expand_doc_bib_avail.  |f 1  |g 0  |h N  |i 0  |k 1 
999 |a From the UDN01 
AVA |a UDN50  |b LSP  |d 895.92209 MA-L  |e available  |t Error 5001 Not defined in file expand_doc_bib_avail.  |f 1  |g 0  |h N  |i 0  |k 1 
TYP |a Monograph 
TYP |a Printed language 
980 |a Mạng thư viện Đại học Đà Nẵng